000 00247nam a22001217a 4500
008 170328b xxu||||| |||| 00| 0 eng d
041 _aeng
080 _a615.83
100 _a8
101 _ashm
245 _aENVIRONMENT
_cCOOK.S
942 _2udc
_cBK
999 _c8832
_d8832